1619 1518 1911 1661 1438 1069 1786 1232 1003 1935 1855 1932 1586 1950 1991 1894 1340 1971 1642 1436 1919 1723 1995 1483 1560 1523 1597 1773 1675 1719 1025 1275 1024 1617 1877 1746 1558 1500 1424 1550 1401 1398 1527 1181 1894 1867 1514 1286 1388 1204 1956 1060 1419 1065 1544 1827 1689 1944 1397 1417 1026 1210 1426 1077 1400 1079 1232 1869 1700 1495 1551 1188 1548 1456 1258 1235 1157 1824 1943 1398 1183 1698 1617 1068 1502 1559 1886 1292 1881 1378 1621 1423 1059 1362 1148 1345 1238 1749 1610 BCNSPRNW ULIB Ver.6.0+V

เปลี่ยนเป็นภาษาไทย

Change to English
 แสดงรายละเอียดบรรณานุกรม
  กลับหน้าหลัก

Brief Record : Get Marc (ISO 2709) : E-mail record : QR code < ปิดหน้าต่าง
LEADER : 00000nam 2200000uu 4500
001    13399126135
003     ULIB
008    180612s2007||||th 000 0 tha d
020    ^a9780521544627
050 00 ^aPE1128^bC172^cV.4
245 10 ^aCambridge practice tests for IELTS 4
260    ^aCambridge :^bCambridge University Press,^c2007
300    ^a176 p.:^bill. ;^c25 cm.
650 00 ^aInternational English Language Testing System.
650 00 ^aEnglish language^xExaminations, questions, etc.
650 00 ^aEnglish language^xTextbooks for foreign speakers
945    ^p530^l0^i004231
999    ^aวรรณษา ชูชัยมงคล
รายการนี้ยังไม่มีแท็ก
คุณยังไม่ได้ล็อกอิน คุณสามารถมีกิจกรรมร่วมกับเว็บไซต์ได้ แต่ต้องล็อกอินก่อน ::
  ล็อกอิน

รายการสื่อสารสนเทศ

ลำดับที่ ประเภท เลขเรียก/บาร์โค้ด สถานที่ สถานะ
1. วิทยาศาสตร์การแพทย์ และสุขภาพ
หนังสือสำรอง
สถานะ=หนังสือสำรอง
PE1128 C172 V.4 ฉ.1 
  Barcode: 004231
ห้องสมุดวิทยาเขตสวรรค์ประชารักษ์
►หนังสือทั่วไป
บนชั้น

รายการใกล้เคียง
    ชื่อเรื่อง [Cambridge practice tests for IELTS 4]

    หัวเรื่อง [International English Language Testing System.]

BibComment


ยังไม่เคยถูกคอมเมนท์

คอมเมนท์ทรัพยากรรายการนี้
  คอมเมนท์: Cambridge practi..


 Copyright 2026. Bcnsprnw @Library